<?xml version="1.0" encoding="UTF-8"?>
<collection xmlns="http://www.loc.gov/MARC21/slim">
 <record>
  <leader>02003nam a2200193Ia 4500</leader>
  <controlfield tag="001">TDMU_39459</controlfield>
  <controlfield tag="008">210410s9999    xx            000 0 und d</controlfield>
  <datafield tag="082" ind1=" " ind2=" ">
   <subfield code="a">005.26</subfield>
  </datafield>
  <datafield tag="090" ind1=" " ind2=" ">
   <subfield code="b">NG527</subfield>
  </datafield>
  <datafield tag="100" ind1=" " ind2=" ">
   <subfield code="a">Nguyễn, Thị Tuyết Minh</subfield>
  </datafield>
  <datafield tag="245" ind1=" " ind2="0">
   <subfield code="a">Quản lý hoạt động thư viện thân thiện tại trường tiểu học trên địa bàn thị xã Bến Cát tỉnh Bình Dương</subfield>
  </datafield>
  <datafield tag="245" ind1=" " ind2="0">
   <subfield code="c">Nguyễn Thị Tuyết Minh; TS. Tạ Thị Thanh Loan(hướng dẫn)</subfield>
  </datafield>
  <datafield tag="260" ind1=" " ind2=" ">
   <subfield code="a">Bình Dương, 2019</subfield>
  </datafield>
  <datafield tag="300" ind1=" " ind2=" ">
   <subfield code="a">tr101</subfield>
  </datafield>
  <datafield tag="520" ind1=" " ind2=" ">
   <subfield code="a">Chuyên ngành: Quản lý giáo dục; Mã số: 8140114; Ý kiến về việc photo tài liệu: Không đồng ý; Ý kiến về việc sao chép file: Không đồng ý; Ý kiến về việc đưa lên CSDL đọc trực tuyến: Không đồng ý; TM tài liệu tham khảo tr.100-102; Luận văn Thạc sĩ. Trường đại học Thủ Dầu Một, 2019; Luận văn gồm có 3 chương: Chương 1. Cơ sở lý luận của quản lý hoạt động Thư viện thân thiện tại trường tiểu học. Chương 2. Thực trạng quản lý hoạt động thư viện thân thiện tại trường tiểu học trên địa bàn thị xã Bến Cát, tỉnh Bình Dương. Chương 3. Biện pháp nâng cao hiệu quả quản lý hoạt động thư viện thân thiện tại trường tiểu học trên địa bàn thị xã Bến Cát, tỉnh Bình Dương</subfield>
  </datafield>
  <datafield tag="650" ind1=" " ind2=" ">
   <subfield code="a">Luận văn; Thư viện thân thiện</subfield>
   <subfield code="x">Quản lý</subfield>
   <subfield code="x">Trường tiểu học</subfield>
   <subfield code="x">Bình Dương (Việt Nam); Giáo dục tiểu học</subfield>
   <subfield code="x">Thư viện thân thiện</subfield>
   <subfield code="x">Quản lý</subfield>
  </datafield>
  <datafield tag="700" ind1=" " ind2=" ">
   <subfield code="a">Tạ, Thị Thanh Loan</subfield>
  </datafield>
  <datafield tag="856" ind1=" " ind2=" ">
   <subfield code="u">http://lrc.tdmu.edu.vn/opac/search/detail.asp?aID=2&amp;ID=39459</subfield>
  </datafield>
  <datafield tag="980" ind1=" " ind2=" ">
   <subfield code="a">Trung tâm Học liệu Trường Đại học Thủ Dầu Một</subfield>
  </datafield>
 </record>
</collection>
